[Event "99th ch-GBR 2012"]
[Site "North Shields ENG"]
[Date "2012.07.23"]
[Round "1.13"]
[White "Walker,Nicholas P"]
[Black "Eggleston,D"]
[Result "0-1"]
[WhiteElo "2179"]
[BlackElo "2323"]

1.d4 Nf6 2.Bg5 e6 3.e4 h6 4.Bxf6 Qxf6 5.c3 d6 6.Bd3 Nd7 7.Ne2 Qd8 8.O-O Be7
9.f4 c5 10.Nd2 a6 11.a4 b6 12.d5 exd5 13.exd5 O-O 14.c4 Re8 15.Ra3 Ra7 16.Bb1 Bf6
17.Ne4 Nf8 18.Nxf6+ Qxf6 19.Ng3 Qh4 20.Rb3 Rb7 21.Bf5 Bxf5 22.Nxf5 Qf6 23.Qh5 Ng6
24.Rg3 Re4 25.Qg4 Rb8 26.h4 h5 27.Qxh5 Rxf4 28.Rxf4 Nxf4 29.Qg4 Ne2+ 30.Qxe2 Qxf5
31.Qe7 Qb1+ 32.Kh2 Qxb2 33.Qxd6 Re8 34.Qc6 Qe5 35.Qxb6 Qf4 36.Kh3 Re1 37.Qd8+ Kh7
38.Kh2 Qf1 39.Rf3 Qh1+ 40.Kg3 Re2 41.Kf4 Qc1+ 42.Kg3 Qd2 43.Rxf7 Rxg2+ 44.Kh3 Rg6  0-1

[Event "5th Paleochora Open"]
[Site "Paleochora GRE"]
[Date "2012.07.23"]
[Round "9.30"]
[White "Royset,P"]
[Black "Skaraki,A"]
[Result "1-0"]
[WhiteElo "2190"]
[BlackElo "1793"]

1.d4 Nf6 2.Bg5 e6 3.e4 Be7 4.Bd3 c5 5.dxc5 Qa5+ 6.Bd2 Qxc5 7.Nc3 d6 8.f4 Bd7
9.Nf3 a6 10.Qe2 O-O 11.e5 Ne8 12.Ne4 Qc7 13.Neg5 g6 14.h4 Ng7 15.h5 h6 16.hxg6 hxg5
17.g4 fxg6 18.Bxg6 Be8 19.Rh8+ Kxh8 20.Qh2+ Nh5 21.Qxh5+  1-0

[Event "ch-PHI Grand Final 2012"]
[Site "Boracay PHI"]
[Date "2012.07.24"]
[Round "14.1"]
[White "Torre,E"]
[Black "Senador,E"]
[Result "1-0"]
[WhiteElo "2469"]
[BlackElo "2353"]

1.d4 Nf6 2.Bg5 e6 3.e4 h6 4.Bxf6 Qxf6 5.c3 d6 6.Bd3 Nc6 7.Ne2 a6 8.O-O e5
9.Na3 g5 10.Nc2 Bg7 11.Ng3 h5 12.Nxh5 Qh6 13.Nxg7+ Kf8 14.Nh5 g4 15.h4 Qxh5
16.g3 Ne7 17.Ne3 Be6 18.Qe2 Ng6 19.Ng2 Kg7 20.Bc4 Rae8 21.Bxe6 Rxe6 22.f3 gxf3
23.Rxf3 Rf6 24.Raf1 exd4 25.cxd4 Re8 26.Qd3 Rxf3 27.Rxf3 Qg4 28.Qf1 Nh8 29.Ne3 Qxe4
30.Nf5+ Kf8 31.Rc3 Rc8 32.Kh2 Qe6 33.Qf4 Re8 34.Rxc7 Kg8 35.Qg5+ Ng6 36.Nh6+  1-0

[Event "XIV ch-Gdansk Int 2012"]
[Site "Gdansk POL"]
[Date "2012.07.25"]
[Round "5.38"]
[White "Les,C"]
[Black "Szymanowski,Igor"]
[Result "1-0"]
[WhiteElo "1915"]
[BlackElo "1639"]

1.d4 Nf6 2.Bg5 e6 3.e4 h6 4.Bxf6 Qxf6 5.Nf3 Bb4+ 6.c3 Ba5 7.Bd3 O-O 8.O-O d6
9.Nbd2 c6 10.h3 Nd7 11.Nh2 Bc7 12.f4 Qe7 13.Ndf3 f5 14.e5 dxe5 15.fxe5 b5
16.Qe1 Nb6 17.Nh4 Qf7 18.g4 g5 19.gxf5 gxh4 20.f6 Kh8 21.Qxh4 h5 22.Nf3 Bb7
23.Be4 Nd5 24.Kh1 Ne3 25.Ng5 Qe8 26.f7 Rxf7 27.Qxh5+ Kg8 28.Rxf7 Qxf7 29.Qxf7+ Kh8
30.Qh7+  1-0

[Event "23rd Czech Open A"]
[Site "Pardubice CZE"]
[Date "2012.07.25"]
[Round "6.7"]
[White "Volodin,Alek"]
[Black "Arutinian,D"]
[Result "1/2-1/2"]
[WhiteElo "2498"]
[BlackElo "2556"]

1.d4 Nf6 2.Bg5 e6 3.Nd2 c5 4.e3 Be7 5.c3 b6 6.Bd3 Bb7 7.Ngf3 cxd4 8.cxd4 Nc6
9.Rc1 Nd5 10.Bxe7 Qxe7 11.a3 O-O 12.O-O Rac8 13.Qe2 Nb8 14.Nc4  1/2-1/2

[Event "27th Avoine Open"]
[Site "Avoine FRA"]
[Date "2012.07.26"]
[Round "6.25"]
[White "Wojtkowski,F"]
[Black "Mostertman,M"]
[Result "0-1"]
[WhiteElo "1963"]
[BlackElo "2248"]

1.d4 Nf6 2.Bg5 e6 3.e3 d5 4.Nd2 Nbd7 5.f4 Be7 6.Bd3 b6 7.Ngf3 Bb7 8.Ne5 Ne4
9.Bxe7 Qxe7 10.Nxe4 dxe4 11.Bb5 Qb4+ 12.c3 Qxb5 13.Qh5 Nxe5 14.fxe5 Ba6 15.O-O-O Qa4
16.Rhf1 Bxf1 17.Rxf1 Rf8 18.Kb1 Qc4 19.Rd1 O-O-O 20.Qxh7 Qe2  0-1

[Event "23rd Czech Open A"]
[Site "Pardubice CZE"]
[Date "2012.07.26"]
[Round "7.88"]
[White "Kireev,Al"]
[Black "Sreeves,C"]
[Result "1-0"]
[WhiteElo "2331"]
[BlackElo "2175"]

1.d4 Nf6 2.Bg5 e6 3.e3 c5 4.c3 cxd4 5.exd4 b6 6.Nd2 Be7 7.Ngf3 O-O 8.Bd3 Ba6
9.Bxa6 Nxa6 10.O-O Nc7 11.Ne5 Nfd5 12.Bxe7 Nxe7 13.a4 d6 14.Nd3 Qd7 15.Re1 Ncd5
16.Ne4 Nf5 17.Qb3 Rfd8 18.Ng3 Nxg3 19.hxg3 Nf6 20.Qb5 Qc7 21.a5 bxa5 22.Qxa5 Qc4
23.Nb4 Rdb8 24.Qa6 Qc7 25.Qd3 Rb6 26.Ra6 Nd7 27.Rea1 Nb8 28.Rxb6 Qxb6 29.Qe4 d5
30.Nxd5 Qxb2 31.Rb1 Qa2 32.Nc7 f5 33.Qb7  1-0

[Event "TCh-CRC Premier 2012"]
[Site "San Jose CRC"]
[Date "2012.07.27"]
[Round "6.5"]
[White "Gutierrez,O"]
[Black "Gamboa Alvarado,L"]
[Result "0-1"]
[WhiteElo "2072"]
[BlackElo "1879"]

1.d4 Nf6 2.Bg5 e6 3.e4 Be7 4.Bxf6 Bxf6 5.f4 d5 6.e5 Be7 7.Nf3 c5 8.c3 Qb6
9.b3 Nc6 10.Be2 Bd7 11.O-O cxd4 12.cxd4 Rc8 13.Kh1 Nb4 14.a3 Nc2 15.Ra2 Qxb3
16.Rxc2 Qxc2 17.Qe1 O-O 18.Nfd2 Qb2 19.Nf3 b5 20.Bd3 Bxa3 21.Bxh7+ Kxh7 22.Qh4+ Kg8
23.Ng5 Rfd8 24.Qh7+ Kf8 25.f5 exf5 26.Qh8+ Ke7 27.Qxg7 Be6 28.Nxe6 Kxe6 29.Qf6+ Kd7
30.Qxf7+ Kc6 31.Qxa7 Ra8 32.Qf7 Rf8 33.Qe6+ Kc7 34.Qxd5 Rad8 35.Qf3 b4 36.d5 Qxe5
37.Nxa3 bxa3 38.Rc1+ Kd7 39.d6 Qe4 40.Qh3 Qg4  0-1

[Event "Politiken Cup 2012"]
[Site "Helsingor DEN"]
[Date "2012.07.30"]
[Round "4.118"]
[White "Hoel,J"]
[Black "Jensen,Jonbert M. S."]
[Result "1-0"]
[WhiteElo "1848"]
[BlackElo "1632"]

1.d4 Nf6 2.Bg5 e6 3.e4 Be7 4.Nd2 Nd5 5.Bxe7 Nxe7 6.Bd3 Ng6 7.Ne2 Nc6 8.c3 d6
9.f4 O-O 10.O-O f5 11.Qc2 Nce7 12.Nf3 fxe4 13.Bxe4 d5 14.Bd3 Nf5 15.Qd2 b6
16.Ng5 Qf6 17.Rae1 Bd7 18.g4 Ngh4 19.gxf5 exf5 20.Nf3 Rae8 21.Nxh4 Qxh4 22.Ng3 Qg4
23.Be2 Qh4 24.Bf3 c6 25.Bg2 Rf6 26.Rxe8+ Bxe8 27.Qe2 Bf7 28.Qe7 Qh6 29.Qd8+  1-0

[Event "Politiken Cup 2012"]
[Site "Helsingor DEN"]
[Date "2012.07.30"]
[Round "4.61"]
[White "Nielsen,Mi2"]
[Black "Ulrich,T2"]
[Result "0-1"]
[WhiteElo "2127"]
[BlackElo "1975"]

1.d4 Nf6 2.Bg5 e6 3.e3 c5 4.c3 Be7 5.Bd3 b6 6.Nf3 Bb7 7.Nbd2 Nc6 8.Rc1 O-O
9.Qe2 cxd4 10.exd4 Nd5 11.Be3 f5 12.Nb3 Nxe3 13.Qxe3 Qe8 14.Kd2 Bf6 15.Kc2 Ne7
16.Kb1 a5 17.Na1 Nd5 18.Qd2 Qb8 19.Bb5 Nc7 20.Bxd7 Be4+ 21.Nc2 Rd8 22.Ne5 Bxe5
23.dxe5 Bc6 24.Bxe6+ Nxe6 25.Qe3 Qb7 26.f3 Rd7 27.Nd4 Nxd4 28.cxd4 Bd5 29.Rc3 Be6
30.Rd1 Qd5 31.a3 Rad8 32.h3 b5 33.Rc5 Qxc5 34.dxc5 Rxd1+ 35.Kc2 R1d2+ 36.Kc3 R8d3+
37.Qxd3 Rxd3+ 38.Kxd3 Bd5 39.Kd4 Bc6 40.e6 Kf8 41.Ke5 Ke7 42.Kxf5 Bd5 43.Ke5 Bxe6
44.f4 b4 45.g4 Bb3 46.c6 Bc4 47.h4 Be2 48.g5 Bf3 49.c7 Bb7 50.h5 Bc8 51.f5 Kf7
52.Ke4 h6 53.Kf4 hxg5+ 54.Kxg5 Bd7 55.a4 Bc8 56.Kf4 Kf6 57.Ke4 Bxf5+ 58.Kd5 Kg5
59.Kc6 Kxh5 60.Kb6 g5 61.Kxa5 g4 62.Kxb4 g3 63.Kb5 g2 64.b4 g1=Q 65.Kc6 Bc8
66.a5 Qa7  0-1

[Event "99th ch-GBR 2012"]
[Site "North Shields ENG"]
[Date "2012.07.30"]
[Round "7.15"]
[White "Batchelor,Peter J"]
[Black "Adair,J"]
[Result "1/2-1/2"]
[WhiteElo "2103"]
[BlackElo "2262"]

1.d4 Nf6 2.Bg5 e6 3.e4 h6 4.Bxf6 Qxf6 5.Nc3 d6 6.Nf3 Nd7 7.Bd3 Qd8 8.Qe2 a6
9.a4 Be7 10.O-O O-O 11.Nd1 c5 12.c3 cxd4 13.cxd4 e5 14.Ne3 exd4 15.Nxd4 Bf6
16.Ndf5 Nc5 17.Rad1 Bxf5 18.Nxf5 Qb6 19.b3 Rfe8 20.a5 Qc7 21.Qc2 Rac8 22.Rfe1 Qxa5
23.Nxd6 Nxd3 24.Qxd3 Red8 25.e5 Be7 26.Qe4 Bxd6 27.exd6 Rc6 28.b4 Qb6 29.d7 Re6
30.Qd5 Kf8 31.Rxe6 fxe6 32.Qf3+ Kg8 33.Qe4 Kf7 34.g3 Qc7 35.Qd4 b6 36.Qd3 a5
37.b5 Qc5 38.Qf3+ Ke7 39.Qc6 a4 40.Kf1 a3 41.Rd2 Qb4 42.Re2 Qd6 43.Qc3 Kf7
44.Rd2 Qc5 45.Qf3+ Qf5 46.Ke2 Qxf3+ 47.Kxf3 Ke7 48.Rd3 a2 49.Ra3 Rxd7 50.Rxa2 Rd3+
51.Ke4 Rb3 52.Ra7+ Kf6 53.f4 h5 54.Ra8 Rb4+ 55.Kf3 Rxb5 56.Rf8+ Ke7 57.Rg8 Kf7
58.Rb8 Rb2 59.Ke4 Ke7 60.Rg8 Kf7 61.Rb8 b5 62.Ke5 Re2+ 63.Kd4 Rxh2 64.Rxb5 Rh3
65.Rg5 Kf6 66.Ke4 g6 67.Kf3 Rh2 68.Ra5 Rd2 69.Ra3 Kf5 70.Ra5+ Rd5 71.Ra3 Rb5
72.Rc3 Ra5 73.Rb3 g5 74.fxg5 Kxg5 75.Re3 Kf5 76.Rb3 Rd5 77.Rb4 Rd3+ 78.Kf2 Rd5
79.Kf3 Kg5 80.Re4 Rf5+ 81.Ke3 Rf6 82.Ra4 Rf8 83.Re4 Rf6 84.Ra4 e5 85.Re4 Kf5
86.Rh4 Kg5 87.Re4 Rf5 88.Ra4 Rf1 89.Ke2 Rh1 90.Kf3 Kf5 91.Ke3 Rh2 92.Rb4 Ra2
93.Rh4 Ra3+ 94.Kf2 Kg5 95.Re4 Ra5 96.Kf3 Rd5 97.Ke3 Kf6 98.Rh4 Kg5 99.Re4 Ra5
100.Kf3 Kf5 101.Rh4 Kg5 102.Re4 Rb5 103.Ke3 Rd5 104.Kf3 Rd3+ 105.Kf2 Kf5
106.Rh4 Kg5 107.Re4 Rd5 108.Ke3 Ra5 109.Kf3 Rb5  1/2-1/2

[Event "Tabor Open 2012"]
[Site "Tabor CZE"]
[Date "2012.07.30"]
[Round "3.10"]
[White "Roubalik,J"]
[Black "Kopecky,Jiri1"]
[Result "1-0"]
[WhiteElo "2319"]
[BlackElo "1956"]

1.d4 Nf6 2.Bg5 e6 3.Nd2 d5 4.e4 dxe4 5.Nxe4 Be7 6.Bxf6 Bxf6 7.Nf3 O-O 8.c3 b6
9.Bd3 Nd7 10.Qe2 Bb7 11.O-O-O Be7 12.h4 Nf6 13.Nxf6+ Bxf6 14.Kb1 Qd6 15.Ng5 g6
16.Be4 Bxe4+ 17.Nxe4 Qe7 18.Rd3 Bg7 19.g4 h6 20.f4 f5 21.Nf2 fxg4 22.Qxg4 Qf6
23.Rg1 Qxf4 24.Qxg6 Qf6 25.Qg2 Rf7 26.Qxa8+  1-0

[Event "CECLUB 1st Div GpA 2012"]
[Site "Don Benito ESP"]
[Date "2012.08.03"]
[Round "5"]
[White "Moskalenko,V1"]
[Black "Trepat Herranz,J"]
[Result "1-0"]
[WhiteElo "2523"]
[BlackElo "2299"]

1.d4 Nf6 2.Bg5 e6 3.Nd2 h6 4.Bh4 d5 5.e3 Be7 6.Bd3 Nbd7 7.Ngf3 c5 8.c3 a6
9.O-O O-O 10.Qe2 b5 11.e4 c4 12.Bc2 dxe4 13.Nxe4 Bb7 14.Nxf6+ Bxf6 15.Bg3 Re8
16.Rad1 Qb6 17.Rfe1 Qc6 18.Bb1 Rad8 19.h3 g6 20.Qf1 Qc8 21.Ne5 Nxe5 22.Bxe5 Bxe5
23.Rxe5 Rd5 24.f4 Qd8 25.Qf2 Kg7 26.Rde1 Rxe5 27.fxe5 f5 28.exf6+ Qxf6 29.Qg3 Rf8
30.Be4 Bd5 31.Bxd5 exd5 32.Re5 Qf1+ 33.Kh2 Qf4 34.Rxd5 Qxg3+ 35.Kxg3 Rf1
36.a4 bxa4 37.Ra5 Rf6 38.Rxa4 Rb6 39.Rb4 Rc6 40.Kf4 Kf6 41.Ke4  1-0

[Event "38th Badalona Open A"]
[Site "Badalona ESP"]
[Date "2012.08.04"]
[Round "4.1"]
[White "Rojas Keim,L"]
[Black "Barrientos,S"]
[Result "1-0"]
[WhiteElo "2426"]
[BlackElo "2500"]

1.d4 Nf6 2.Bg5 e6 3.e4 h6 4.Bxf6 Qxf6 5.Nc3 d6 6.Qd2 c6 7.O-O-O Nd7 8.g3 e5
9.d5 g5 10.Be2 h5 11.Kb1 Nb6 12.Nf3 Be7 13.h4 g4 14.Ng5 Qh6 15.Qd3 f6 16.Ne6 Bxe6
17.dxe6 O-O-O 18.f3 f5 19.exf5 gxf3 20.Qxf3 d5 21.Rdf1 Bf6 22.g4 hxg4 23.Qxg4 Rdg8
24.Qb4 e4 25.a4 Qe3 26.a5 Na8 27.a6 Nb6 28.axb7+ Kxb7 29.Qa3 Rg2 30.Ba6+ Ka8
31.Qd6  1-0

[Event "Politiken Cup 2012"]
[Site "Helsingor DEN"]
[Date "2012.08.04"]
[Round "9.19"]
[White "Nielsen,JanM"]
[Black "Haugli,P"]
[Result "0-1"]
[WhiteElo "2130"]
[BlackElo "2318"]

1.d4 Nf6 2.Bg5 e6 3.Nf3 c5 4.e3 Be7 5.Bd3 O-O 6.O-O b6 7.Nbd2 Bb7 8.Qe2 d6
9.e4 cxd4 10.Nxd4 Nbd7 11.f4 Nc5 12.Rf3 h6 13.Bh4 d5 14.e5 Nfe4 15.Bxe7 Qxe7
16.Raf1 a5 17.Bb5 f6 18.c3 Qc7 19.exf6 Rxf6 20.a3 Raf8 21.Qe3 a4 22.Nxe4 dxe4
23.R3f2 Bd5 24.Be2 Nb7 25.f5 e5 26.Ne6 Bxe6 27.fxe6 Rxf2 28.Rxf2 Rxf2 29.Kxf2 Qc5
30.Bh5 Kf8 31.Bg6 Nd6 32.Qxc5 bxc5 33.Ke3 Ke7 34.Bxe4 Nc4+ 35.Ke2 Kxe6 36.Bh7 Nxb2
37.Bg8+ Kf5 38.Kd2 e4 39.Bh7+ Kf4 40.Ke2 Nc4  0-1

[Event "Olomouc IM Prima Pack"]
[Site "Olomouc CZE"]
[Date "2012.08.08"]
[Round "8.3"]
[White "Obsivac,J"]
[Black "Saduakassova,D"]
[Result "1/2-1/2"]
[WhiteElo "2280"]
[BlackElo "2216"]

1.d4 Nf6 2.Bg5 e6 3.e4 h6 4.Bxf6 Qxf6 5.Nc3 d6 6.Qd2 a6 7.f4 e5 8.Nd5 Qd8
9.Nf3 c6 10.Nc3 Bg4 11.Be2 Nd7 12.O-O Qb6 13.Rad1 Bxf3 14.Rxf3 Be7 15.Kh1 exd4
16.Qxd4 Qxd4 17.Rxd4 Rd8 18.Nd1 Nc5 19.b4 Ne6 20.Rdd3 O-O 21.g3 a5 22.a3 axb4
23.axb4 Ra8 24.Ne3 Rfd8 25.Rf1 Ra4 26.Rb1 Bf8 27.Kg2 Rda8 28.Nc4 Ra2 29.Bd1 Rd8
30.Ne3 Rda8 31.Nc4 Rd8 32.Ne3 Nc7 33.Kf3 Rda8 34.h4 R8a3 35.Be2 Nb5 36.Rxa3 Nxa3
37.Rc1 Be7 38.Nf5 Bf8 39.Ne3 g6 40.h5 gxh5 41.Bd3 d5 42.exd5 Bxb4 43.dxc6 bxc6
44.Nf5 Kf8 45.Be4 Ba5 46.Bxc6  1/2-1/2

[Event "ch-POR 2012"]
[Site "Pampilhosa da Serra POR"]
[Date "2012.08.08"]
[Round "5.1"]
[White "Galego,L"]
[Black "Ulyanovskyy,Vi"]
[Result "1-0"]
[WhiteElo "2495"]
[BlackElo "2290"]

1.d4 Nf6 2.Bg5 e6 3.e4 Be7 4.e5 Nd5 5.Bd2 c5 6.c4 Nc7 7.Qg4 g6 8.dxc5 Nc6
9.Nf3 Bxc5 10.Nc3 d5 11.exd6 Bxd6 12.O-O-O e5 13.Qg3 Ne6 14.Ne4 Bb8 15.Bg5 Qa5
16.Nf6+ Ke7 17.Nd7+ Nxg5 18.Qxg5+ Ke8 19.Nf6+ Kf8 20.Qh6+ Ke7 21.Nd5+ Ke8
22.Qg7 Rf8 23.Nf6+ Ke7 24.Nd5+ Ke8 25.Ng5 Nd4 26.Nf6+ Ke7 27.Nfxh7 Rd8 28.Qxf7+ Kd6
29.Kb1 Bf5+ 30.Bd3 Kc6 31.Be4+ Bxe4+ 32.Nxe4 Bd6 33.Qxg6 Qa4 34.Rd2 b6 35.Nxd6 Rxd6
36.Qe4+  1-0

[Event "2nd Split Open 2012"]
[Site "Split CRO"]
[Date "2012.08.11"]
[Round "1.23"]
[White "Srbis,J"]
[Black "Glavan,M"]
[Result "1-0"]
[WhiteElo "2298"]
[BlackElo "1940"]

1.d4 Nf6 2.Bg5 e6 3.e3 d5 4.Nd2 Be7 5.Bd3 c5 6.c3 Nc6 7.f4 Qb6 8.Qc1 h6 9.Bxf6 Bxf6
10.Ne2 Bd7 11.Nf3 Rc8 12.O-O cxd4 13.exd4 Nb4 14.Bb1 Bb5 15.Qd2 Qa6 16.Rf2 Nd3
17.Bxd3 Bxd3 18.Ng3 h5 19.h4 g6 20.Re1 O-O 21.Re3 Bf5 22.Nxf5 exf5 23.a3 Rfe8
24.Rfe2 Re4 25.g3 Rce8 26.Kf2 Qb6 27.Qc2 Qb5 28.Re1 Qc6 29.Qb1 Qe6 30.Qc1 Qc6
31.Qc2 Qe6 32.Qd2 Qb6 33.Ng1 Kg7 34.Nh3 Qe6 35.Kf3 b6 36.Nf2 Rxe3+ 37.Rxe3 Qxe3+
38.Qxe3 Rxe3+ 39.Kxe3 Be7 40.Nd3 f6 41.a4 Kf7 42.b4 Ke6 43.Kd2 Kd7 44.Kc2 Kc6
45.b5+ Kd7 46.Kb3 Ke6 47.a5 Bd6 48.a6 Be7 49.c4 dxc4+ 50.Kxc4 Ba3 51.Nc5+ Kd6
52.Na4 Kc7 53.Kd5 Bb4 54.Ke6 Be1 55.d5 Bf2 56.Ke7  1-0

[Event "Manhem GM 2012"]
[Site "Gothenburg SWE"]
[Date "2012.08.12"]
[Round "2"]
[White "Rozentalis,E"]
[Black "Nithander,V"]
[Result "1-0"]
[WhiteElo "2585"]
[BlackElo "2438"]

1.d4 Nf6 2.Bg5 e6 3.e4 h6 4.Bxf6 Qxf6 5.Nf3 d6 6.Nc3 Nd7 7.Qd2 c6 8.O-O-O e5
9.dxe5 dxe5 10.Nb5 Kd8 11.Qa5+ b6 12.Qc3 Bc5 13.b4 Bxf2 14.Nxe5 cxb5 15.Bxb5 Be3+
16.Kb1 Bf4 17.Bxd7 Bxe5 18.Bxc8+ Ke7 19.Rd7+ Kf8 20.Qc4 b5 21.Qc5+ Kg8 22.Rd5 Kh7
23.Bf5+ g6 24.Rxe5 gxf5 25.Rxf5 Qg6 26.Rhf1 Rhf8 27.Qd5 Kg7 28.h4 Rae8 29.h5 Qe6
30.Qd4+ f6 31.e5 fxe5 32.Qg4+ Kh7 33.Rxf8  1-0

[Event "14th Sants Open A"]
[Site "Barcelona ESP"]
[Date "2012.08.17"]
[Round "1.6"]
[White "Cordova,E"]
[Black "Orozco,Lu"]
[Result "1-0"]
[WhiteElo "2572"]
[BlackElo "2114"]

1.d4 Nf6 2.Bg5 e6 3.Nd2 d6 4.e3 c6 5.Bd3 h6 6.Bh4 Be7 7.c3 O-O 8.Ngf3 Qc7
9.Rc1 Re8 10.h3 e5 11.Bb1 Be6 12.c4 c5 13.O-O Na6 14.Bg3 exd4 15.exd4 Qd7
16.d5 Bf5 17.Bxf5 Qxf5 18.Nh4 Qd7 19.Qf3 g6 20.Qd3 Bf8 21.a3 Rab8 22.b3 b5
23.Rb1 Nc7 24.Rfe1 a6 25.Nhf3 Bg7 26.Nf1 a5 27.Rxe8+ Rxe8 28.N3d2 Re7 29.Ne3 Nh5
30.Bh2 b4 31.axb4 axb4 32.Rc1 Ne8 33.Qb1 Kh7 34.g4 Nhf6 35.Kg2 Qb7 36.Re1 Qa8
37.Bg3 Ra7 38.Ne4 Nxe4 39.Qxe4 Ra2 40.Nf1 Nf6 41.Qf3 Qf8 42.Qf4 Ra6 43.Nd2 Nd7
44.Nf3 Bc3 45.Re2 Kg7 46.Qe3 Nf6 47.Bf4 Ng8 48.Nd2 Bd4 49.Qd3 Nf6 50.Nf3 Bc3
51.Re3 Ra2 52.Qb1 Rb2 53.Qc1 g5 54.Rxc3 bxc3 55.Qxc3 Re2 56.Bc1 Qe7 57.Bb2 Kg6
58.Nd2 h5 59.Qd3+ Kg7 60.Qf5 Rxd2 61.Qxg5+ Kh7 62.Qxd2 hxg4 63.Qg5 Qe4+ 64.Kh2 g3+
65.Kxg3 Qd3+ 66.Kh2  1-0

[Event "2nd Isthmia Open A"]
[Site "Korinthia GRE"]
[Date "2012.08.18"]
[Round "1.13"]
[White "Shyam,SM"]
[Black "Hrisanthopoulos,D"]
[Result "1-0"]
[WhiteElo "2486"]
[BlackElo "2044"]

1.d4 Nf6 2.Bg5 e6 3.e4 c5 4.d5 d6 5.Bxf6 Qxf6 6.Nc3 a6 7.a4 Nd7 8.Qd2 e5
9.g3 g6 10.h4 h5 11.Bh3 Bh6 12.Qe2 b6 13.Nf3 c4 14.Bg2 Nc5 15.Qxc4 Bg4 16.Qe2 O-O
17.O-O Qg7 18.b4 Nd7 19.a5 b5 20.Qd3 Rac8 21.Ng5 Bxg5 22.hxg5 f5 23.Qd2 h4
24.gxh4 Qh7 25.f3 Qxh4 26.fxg4 fxg4 27.Rxf8+ Nxf8 28.Ne2 Nh7 29.Qd3 Nxg5
30.Rf1 Rc7 31.Rf2 Rh7 32.Qc3 Rf7 33.Rxf7 Kxf7 34.Qg3 Qh5 35.c4 bxc4 36.b5 axb5
37.a6 Nf3+ 38.Kf2 Ke7 39.a7  1-0

[Event "EY Girls U18 2012"]
[Site "Prague CZE"]
[Date "2012.08.18"]
[Round "2.10"]
[White "Khlichkova,T"]
[Black "Meireles,A"]
[Result "1-0"]
[WhiteElo "2123"]
[BlackElo "1716"]

1.d4 Nf6 2.Bg5 e6 3.e4 h6 4.Bxf6 Qxf6 5.Nf3 d5 6.Nbd2 dxe4 7.Nxe4 Qd8 8.Bd3 Nd7
9.Qe2 c5 10.O-O-O cxd4 11.Nxd4 Be7 12.g4 Qa5 13.Kb1 a6 14.Nxe6 fxe6 15.Nd6+ Bxd6
16.Qxe6+ Be7 17.Rhe1 Ne5 18.Bg6+ Nxg6 19.Qxg6+ Kf8 20.Rxe7 Kxe7 21.Qxg7+  1-0

[Event "EY Boys U16 2012"]
[Site "Prague CZE"]
[Date "2012.08.18"]
[Round "2.16"]
[White "Kisic,B"]
[Black "Meng,R"]
[Result "0-1"]
[WhiteElo "2065"]
[BlackElo "2291"]

1.d4 Nf6 2.Bg5 e6 3.e3 c5 4.c3 b6 5.Nd2 Bb7 6.f4 h6 7.Bxf6 Qxf6 8.Ngf3 g5
9.fxg5 hxg5 10.Ne5 cxd4 11.cxd4 Nc6 12.Bb5 Nxe5 13.Rf1 Qg7 14.dxe5 Rd8 15.Qa4 a6
16.Bxa6 Ra8 17.Ne4 Rxa6 18.Qb5 Bxe4 19.Qxa6 Bb4+ 20.Kd1 Qxe5 21.Qc8+ Ke7
22.Qc4 Qxb2 23.Rc1 Qd2+  0-1

[Event "21st Feffernitz Open"]
[Site "Feffernitz AUT"]
[Date "2012.08.25"]
[Round "8.5"]
[White "Kesik,KD"]
[Black "Mitter,G"]
[Result "0-1"]
[WhiteElo "2243"]
[BlackElo "2217"]

1.d4 Nf6 2.Bg5 e6 3.e3 d5 4.c3 c5 5.Nd2 Nbd7 6.Bd3 Qb6 7.Rb1 e5 8.dxe5 Nxe5
9.Bc2 Be7 10.Ngf3 Bg4 11.h3 Nxf3+ 12.Nxf3 Be6 13.Ba4+ Kf8 14.O-O Ne4 15.Bf4 g5
16.Bh2 Rd8 17.Nd2 h5 18.f4 g4 19.f5 g3 20.fxe6 gxh2+ 21.Kxh2 Qd6+ 22.Kg1 Qxe6
23.Nxe4 Qxe4 24.Rf3 Rg8 25.Bc2 Qe5 26.Qf1 Rg7 27.Rf5 Qxe3+ 28.Kh1 Bd6 29.Re1 Qg3
30.Qg1 Re8 31.Rxe8+ Kxe8 32.Rxd5 Rg5 33.Rd3 Qf4 34.Bb3 Kf8 35.Bd5 Qf5 36.Be4 Qe6
37.Bxb7 Re5 38.Rd1 Re3 39.Bc8 Qe5 40.Ba6 Qe4 41.Qf2 Rxh3+ 42.Kg1 Bh2+ 43.Kf1 Re3
44.Qf6 Qf4+ 45.Qxf4 Bxf4 46.Rd5 Re5 47.Rd3 h4 48.Kf2 Bg3+ 49.Kf3 Rf5+ 50.Kg4 Rf2
51.Rd7 Rxg2 52.Bc4 Rf2 53.Rxa7 Rf4+  0-1

[Event "12th ch-Euro Seniors"]
[Site "Kaunas LTU"]
[Date "2012.08.25"]
[Round "8.20"]
[White "Romcovici,V"]
[Black "Rosino,A"]
[Result "1-0"]
[WhiteElo "2146"]
[BlackElo "2189"]

1.d4 Nf6 2.Bg5 e6 3.e4 h6 4.Bxf6 Qxf6 5.c3 d6 6.Bd3 e5 7.Ne2 g6 8.O-O Bg7
9.f4 exd4 10.cxd4 Bg4 11.e5 dxe5 12.fxe5 Qb6 13.Rf4 Be6 14.Kh1 Nc6 15.Nbc3 O-O-O
16.Na4 Qa5 17.a3 g5 18.b4 Qd5 19.Nec3 Qd7 20.Nc5 Qe7 21.Re4 Nxd4 22.Qa4 Nc6
23.Ba6  1-0

[Event "27th Schwarzacher Open"]
[Site "Schwarzach AUT"]
[Date "2012.08.25"]
[Round "8.3"]
[White "Bukal,V jr"]
[Black "Krivoborodov,E"]
[Result "0-1"]
[WhiteElo "2418"]
[BlackElo "2503"]

1.d4 Nf6 2.Bg5 e6 3.Nd2 h6 4.Bh4 d5 5.e3 Be7 6.Bd3 b6 7.c3 Bb7 8.Bxf6 gxf6
9.Ne2 Nd7 10.Nf4 f5 11.Nh5 Rg8 12.g3 c5 13.a4 Qc7 14.f4 O-O-O 15.a5 c4 16.Be2 b5
17.b4 cxb3 18.Qxb3 a6 19.Kf2 Kb8 20.Rhc1 Rc8 21.Bf3 Ka8 22.Qb2 Qd6 23.Rc2 Rc7
24.Rac1 Qa3 25.Qb1 Qxa5 26.Nb3 Qb6 27.Qa1 Nb8 28.Na5 Nc6 29.Ra2 Nxa5 30.Rxa5 Rgc8
31.Rb1 Kb8 32.Rb3 b4 33.Nf6 Ka7 34.Be2 Ra8 35.cxb4 Bxf6 36.b5 Bc8 37.Qa2 Rb8
38.Rba3 Ka8 39.Bf3 Ra7 40.Kg2 Be7 41.R3a4 Bd8  0-1

[Event "24th Schlosspark Open"]
[Site "Wiesbaden GER"]
[Date "2012.08.25"]
[Round "4.6"]
[White "Krenz,V"]
[Black "Geske,J"]
[Result "0-1"]
[WhiteElo "2261"]
[BlackElo "2391"]

1.d4 Nf6 2.Bg5 e6 3.c4 h6 4.Bh4 g5 5.Bg3 Ne4 6.Qc2 Nxg3 7.hxg3 Bg7 8.e3 b6
9.Be2 Bb7 10.Bf3 Nc6 11.Nc3 Qe7 12.g4 O-O-O 13.Nge2 Rhf8 14.Ng3 Qb4 15.a3 Qe7
16.b4 Kb8 17.c5 Bxd4 18.exd4 Nxd4 19.Qd3 Nxf3+ 20.gxf3 f5 21.cxb6 axb6 22.gxf5 exf5+
23.Kd2 g4 24.Nxf5 Qg5+ 25.Ne3 Rxf3 26.Ne2 Rxf2 27.Rhf1 Rdf8 28.Rxf2 Rxf2
29.Qxd7 g3 30.Rc1 Qe5 31.Qd8+ Ka7 32.Rxc7 g2 33.Qd7 Qxc7 34.Qxc7 g1=Q 35.Nc4 Qg5+
36.Ke1 Rf6 37.Nd6 Qd5 38.Nc8+ Ka6 39.a4 Qh1+ 40.Kd2 Qd5+ 41.Ke1 Re6 42.b5+ Ka5
43.Qc3+ Kxa4 44.Qa1+ Kb4 45.Qb2+ Qb3 46.Qd4+ Qc4 47.Qb2+ Kc5  0-1

[Event "14th Sants Open A Tie-Breaks"]
[Site "Barcelona ESP"]
[Date "2012.08.26"]
[Round "2.2"]
[White "Cordova,E"]
[Black "Rakhmanov,Ale"]
[Result "1/2-1/2"]
[WhiteElo "2572"]
[BlackElo "2588"]

1.d4 Nf6 2.Bg5 e6 3.Nd2 d5 4.e3 c5 5.c3 Nc6 6.Bd3 h6 7.Bh4 Be7 8.Ngf3 Nh5
9.Bxe7 Qxe7 10.O-O Nf6 11.Re1 O-O 12.Rc1 Rd8 13.Qe2 e5 14.e4 exd4 15.e5 Nh5
16.cxd4 Nf4 17.Qe3 Nxd3 18.Qxd3 cxd4 19.Nxd4 Nxd4 20.Qxd4 Be6 21.Rc3 Rdc8
22.Rec1 b6 23.h3 Rxc3 24.Rxc3 Rc8 25.Rxc8+ Bxc8 26.Qxd5 Be6 27.Qa8+ Kh7 28.Qe4+ Kg8
29.a3 Qc5 30.Nf3 Qc1+ 31.Kh2 Qxb2 32.Qe3 Qb3 33.Qc1 Qc4 34.Qd2 Qd5 35.Qb4 Qc5
36.Qxc5 bxc5 37.Nd2 Bd5 38.Kg3 g5 39.Nb1 Kg7 40.Nc3 Bc6 41.Nd1 f6 42.exf6+ Kxf6
43.Ne3 Bd7 44.f4 gxf4+ 45.Kxf4 Bc6 46.g4 Bd7 47.h4 Be6 48.g5+ hxg5+ 49.hxg5+ Kg6
50.Ng2 c4 51.Nh4+ Kh5 52.Nf3 c3 53.Nd4 Bd7 54.Ke3 Kxg5 55.Kd3 Kf4  1/2-1/2

[Event "37th Trade Fair Open A"]
[Site "Brno CZE"]
[Date "2012.08.26"]
[Round "2"]
[White "Zavacky,P"]
[Black "Plischki,S"]
[Result "0-1"]
[WhiteElo "2104"]
[BlackElo "2365"]

1.d4 Nf6 2.Bg5 e6 3.Nf3 h6 4.Bh4 c5 5.c3 b6 6.Nbd2 Bb7 7.e3 Be7 8.Bd3 cxd4
9.exd4 d6 10.O-O Nbd7 11.Re1 O-O 12.Rc1 a6 13.Bb1 Re8 14.Nf1 b5 15.Qd3 Nf8
16.h3 Qb6 17.Bxf6 Bxf6 18.Ng3 g6 19.Qe3 Bg7 20.Nh2 f5 21.f4 e5 22.dxe5 Qxe3+
23.Rxe3 dxe5 24.Ne2 h5 25.Rd1 exf4 26.Rxe8 Rxe8 27.Nxf4 Bh6 28.Rf1 Kg7 29.Bc2 h4
30.Bb3 Re4 31.Bd5 Bxd5 32.Nxd5 Re5 33.Nf4 Nd7 34.Nd3 Re2 35.Rf2 Be3 36.Kf1 Rxf2+
37.Nxf2 Ne5 38.Nd1 Bf4 39.Nf3 Nxf3 40.gxf3 Kf6 41.Nf2 Bd6 42.Nd3 Ke6 43.Ke2 Kd5
44.b3 g5 45.Ke3 a5 46.Ne1 Be5 47.Kd3 g4 48.fxg4 fxg4 49.c4+ bxc4+ 50.bxc4+ Kc5
51.hxg4 h3 52.Kc2 Kxc4 53.Nf3 h2 54.Nxh2  0-1

[Event "37th Trade Fair Open A"]
[Site "Brno CZE"]
[Date "2012.08.29"]
[Round "5"]
[White "Glacner,K"]
[Black "Zikan,K"]
[Result "1/2-1/2"]
[WhiteElo "1596"]
[BlackElo "1838"]

1.d4 Nf6 2.Bg5 e6 3.c4 d5 4.e3 Be7 5.Nc3 O-O 6.Bd3 dxc4 7.Bxc4 Nbd7 8.Bd3 b6
9.Nf3 Bb7 10.Rc1 c5 11.Ne5 cxd4 12.exd4 Nd5 13.h4 Nxe5 14.dxe5 h6 15.Qg4 Bxg5
16.hxg5 Qxg5 17.Qxg5 hxg5 18.Nxd5 Bxd5 19.Bh7+ Kh8 20.Bd3+ Kg8 21.Bh7+ Kh8
22.Bd3+ Kg8  1/2-1/2

[Event "37th Trade Fair Open A"]
[Site "Brno CZE"]
[Date "2012.08.31"]
[Round "7"]
[White "Dambrauskas,V"]
[Black "Skacelik,P"]
[Result "1-0"]
[WhiteElo "2322"]
[BlackElo "2202"]

1.d4 Nf6 2.Bg5 e6 3.c4 d5 4.Nc3 Be7 5.e3 c6 6.Qc2 Nbd7 7.cxd5 cxd5 8.Nf3 O-O
9.Bd3 a6 10.O-O h6 11.Bh4 b5 12.a4 b4 13.Na2 a5 14.Qe2 Bb7 15.Nc1 Ne4 16.Bxe7 Qxe7
17.Nb3 Rfc8 18.Rfc1 Qd8 19.Bb5 f6 20.Rxc8 Bxc8 21.Rc1 Bb7 22.Nfd2 Rc8 23.Rxc8 Bxc8
24.Nxe4 dxe4 25.Qc4 Nb6 26.Qc6 e5 27.h3 exd4 28.exd4 e3 29.fxe3 Bd7 30.Qd6 Qe8
31.Bxd7 Qxe3+ 32.Kh2 Nxd7 33.Nxa5 Ne5 34.dxe5 Qf4+ 35.Kg1 Qc1+ 36.Kf2 Qxb2+
37.Kf3 Qc3+ 38.Ke2 Qc2+ 39.Ke3 Qc3+ 40.Ke4 Qc2+ 41.Kd4 fxe5+ 42.Qxe5 Qb2+
43.Kd5 Qa2+ 44.Kd6 Qxa4 45.Qd5+ Kh8 46.Nb3 Qa6+ 47.Kc5 Qa3 48.Kc4 Kh7 49.Qe4+ Kh8
50.Qb7 Qb2 51.Kxb4 Kh7 52.Qe4+ Kh8 53.Kc4 Qf2 54.Nc5 Qa2+ 55.Kd4 Qd2+ 56.Nd3 Kg8
57.Qf3 Kh8 58.Ke4 Qc2 59.Ke3 Qc3 60.Qf8+ Kh7  1-0